| 000 | 00371pab a2200145 454500 | ||
|---|---|---|---|
| 008 | 180718b1990 xxu||||| |||| 00| 0 eng d | ||
| 100 | _aManivannan, Ramu | ||
| 245 |
_aChanging prospects in Sri Lanka _bAn intermission in politics |
||
| 260 | _c1990 | ||
| 300 | _a15-19 | ||
| 362 | _a22 Sept. | ||
| 650 | _aSri Lanka - Politics | ||
| 773 | _aMainstream | ||
| 909 | _a18904 | ||
| 999 |
_c18904 _d18904 |
||